Fisiología del ejercicio: (Registro nro. 1716)
[ vista simple ]
| 000 -CABECERA | |
|---|---|
| Campo de control interno | 01004nam a22003017a 4500 |
| 005 - FECHA Y HORA DE LA CATALOGACION | |
| Campo de control | 20251216094029.0 |
| 008 - ELEMENTOS DE LONGITUD FIJA - INFORMACION | |
| Elementos de Longitud Fija - Informaci | 251216t2022 sp ||||| |||| 00| 0 spa d |
| 020 ## - ISBN | |
| ISBN | 978-84-18563-79-9 |
| 040 ## - ORIGEN DE LA CATALOGACION | |
| Origen de la Catalogación | Iste |
| 041 ## - CODIGO DE LENGUAJE | |
| Código de lenguaje del texto | spa |
| 044 ## - CODIGO ISO DE PAIS | |
| Código ISO de País | sp |
| 082 ## - NUMERO DE CLASIFICACION CDU | |
| Clasificacion | 612.7 |
| Cutter | K8551 |
| 100 ## - AUTOR PERSONAL | |
| Autor Personal | Kraemer, William |
| Titulos u otras palabras asociadas al nombre | Autor |
| Rol del Autor | Autor |
| 9 (RLIN) | 8584 |
| 245 ## - TÍTULO GENERAL | |
| Título | Fisiología del ejercicio: |
| Subtítulo | teoría y aplicación práctica. |
| 250 ## - EDICION | |
| Edición | 3a. ed. |
| 260 ## - EDITORIAL | |
| Ciudad - País | Barcelona - España |
| Nombre de la Editorial | Wolters Kluwer |
| Fecha | 2022 |
| 300 ## - DESCRIPCION | |
| Número de páginas | 607 páginas, |
| Información descriptiva | gráficos, ilustraciones, tablas. |
| 650 ## - DESCRIPTORES - TEMAS | |
| Temas - Descriptores | FUNDAMENTOS DE LA FISIOLOGÍA DEL EJERCICIO |
| 9 (RLIN) | 8585 |
| 650 ## - DESCRIPTORES - TEMAS | |
| Temas - Descriptores | EJERCICIO Y SISTEMAS CORPORALES |
| 9 (RLIN) | 8586 |
| 650 ## - DESCRIPTORES - TEMAS | |
| Temas - Descriptores | NUTRICIÓN Y AMBIENTE |
| 9 (RLIN) | 8587 |
| 650 ## - DESCRIPTORES - TEMAS | |
| Temas - Descriptores | ESNTRENAMIENTO PARA LA SALUD |
| 9 (RLIN) | 8588 |
| 650 ## - DESCRIPTORES - TEMAS | |
| Temas - Descriptores | EL RENDIMIENTO |
| 9 (RLIN) | 8589 |
| 653 ## - CATEGORIAS | |
| Categorías Secundarias | TECNOLOGÍA Y CIENCIAS MÉDICAS |
| 653 ## - CATEGORIAS | |
| Categorías Secundarias | TERAPÉUTICA |
| 700 ## - COAUTOR PERSONAL | |
| Coautor Personal | Fleck, Steven |
| Rol del autor | Autor |
| 9 (RLIN) | 8590 |
| 700 ## - COAUTOR PERSONAL | |
| Coautor Personal | Deschenes, Michael |
| Rol del autor | Autor |
| 9 (RLIN) | 8591 |
| 942 ## - ELEMENTOS DE KOHA | |
| Esquema de Clasificacion | Clasificación decimal universal |
| Tipo de Documento | Libros |
| Catalogador | Usuario Catalogador |
| Estatus retirado | Estado de pérdida | Fuente de Clasificacion | Estado de daño | No para préstamo | Carrera | Dependencia | Dependencia | Estado | Fecha de Adquisición | Vía de adquisición | Inventario | Total de préstamos | CDU | Código de barras | Visto por última vez | Numero de copia o ejemplar | Tipo de Item |
|---|---|---|---|---|---|---|---|---|---|---|---|---|---|---|---|---|---|
| Clasificación decimal universal | Rehabilitación Física | ISTE BG DRS | ISTE BG DRS | Disponible | 2025-12-16 | Donación | BLDS03123 | 612.7 K8551 | BG25120063 | 2025-12-16 | Ej. 1 | Libros |
